000 00575nam a2200205 4500
003 OSt
005 20260530115303.0
008 260507b2013 |||||||| |||| 001 0 spa d
020 _a9788425227783
040 _aICI
_bspa
_cICI
050 _aNC997
_bP35
100 1 _aBader, Sara
_931559
245 1 0 _aPalabra de DISEÑADOR
_bcitas, ocurrencias y píldoras de sabiduría
264 1 _bGustavo Gili Barcelona
_c2015
_aEspaña
300 _a160 páginas
336 _atexto
_2rdacontent
337 _asin medio
_2rdamedia
338 _avolumen
_2rdacarrier
942 _2lcc
_cBK
_n1
999 _c12967
_d12967